000 00753nam a22001937a 4500
999 _c371527
_d371527
008 201127b ||||| |||| 00| 0 eng d
040 _aDE-2950
_bger
_cDE-2950
_erda
041 _ager
245 _aDRK übernimmt Versorgung.
_bKrieg Am Bahnhof Frankfurt kümmerten sich zunächst nur Ehrenamtliche um die Flüchtlinge aus der Ukraine. Jetzt gibt es auch die ersten Festangestellten/
_cLisa Mahlke
264 _c2022
653 _aFrankfurt (O)
653 _aUkraine-Krieg
653 _aHumanitäre Hilfe
773 _dFrankfurt (Oder) Märkisches Verlags- und Druckhaus GmbH & Co KG
_tMärkische Oderzeitung
_g33. Jahrgang (2022) Nr. 64 vom 17.03.2022, S. 13
942 _cA